KOHA-Header-6

A Withered Spring (Record no. 13162)

000 -LEADER
fixed length control field 00342nam a2200145Ia 4500
003 - CONTROL NUMBER IDENTIFIER
control field MAJU-Karachi
005 - DATE AND TIME OF LATEST TRANSACTION
control field 20211105103837.0
008 - FIXED-LENGTH DATA ELEMENTS--GENERAL INFORMATION
fixed length control field 190902s9999||||xx |||||||||||||| ||und||
040 ## - CATALOGING SOURCE
Transcribing agency DLC
100 ## - MAIN ENTRY--PERSONAL NAME
Personal name Faiz Ahmed Faiz
245 #2 - TITLE STATEMENT
Title A Withered Spring
260 ## - PUBLICATION, DISTRIBUTION, ETC. (IMPRINT)
Place of publication, distribution, etc Pakistan
Name of publisher, distributor, etc HY Enterprises
Date of publication, distribution, etc 2013
300 ## - PHYSICAL DESCRIPTION
Extent 63
942 ## - ADDED ENTRY ELEMENTS (KOHA)
Koha item type Books
Source of classification or shelving scheme
Holdings
Withdrawn status Lost status Source of classification or shelving scheme Damaged status Not for loan Collection code Permanent Location Current Location Shelving location Date acquired Full call number Barcode Date last seen Price effective from Koha item type
          English Literature MAJU MAJU Shelf No.A15 2021-11-05 891.41 6287 2021-11-05 2021-11-05 English Literature
          English Literature MAJU MAJU Shelf No.A15 2021-11-05 891.41 6288 2021-11-05 2021-11-05 English Literature
          English Literature MAJU MAJU Shelf No.A15 2021-11-05 891.41 6289 2021-11-05 2021-11-05 English Literature
          English Literature MAJU MAJU Shelf No.A15 2021-11-05 891.41 6290 2021-11-05 2021-11-05 English Literature
          English Literature MAJU MAJU Shelf No.A15 2021-11-05 891.41 6291 2021-11-05 2021-11-05 English Literature

Powered by Koha